[Event "World Amateur-ch U2300"]
[Site "Muscat"]
[Date "2023.11.03"]
[Round "2"]
[White "Attalib, Osama A"]
[Black "Mohamed, Anwar"]
[Result "1-0"]
[WhiteElo "1937"]
[BlackElo "2085"]
[PlyCount "95"]
[EventDate "2023.11.02"]
[EventType "swiss"]
[EventRounds "9"]
[EventCountry "OMN"]
[SourceTitle "CB46_2023"]
[SourceDate "2023.11.15"]
[SourceVersion "1"]
[SourceVersionDate "2023.11.15"]
[SourceQuality "1"]

1. e4 e6 2. d3 d5 3. Nd2 Nf6 4. g3 dxe4 5. dxe4 Bc5 6. Bg2 Nc6 7. Ngf3 0-0 8. 0-0 e5 9. c3 a5 10. Qc2 Qe7 11. Nc4 Ng4 12. h3 Be6 13. Nxa5 Nxa5 14. hxg4 Nb3 15. Rb1 Rxa2 16. Nxe5 Rd8 17. Nd3 Na1 18. Qe2 Bc4 19. Rd1 Qd6 20. e5 Bxd3 21. exd6 Bxe2 22. Rd2 Bxg4 23. dxc7 Rxd2 24. Bxd2 Bc8 25. Bf4 Nc2 26. Be4 g5 27. Be5 Ra1 28. Bxc2 Rxb1+ 29. Bxb1 f5 30. b4 Be7 31. Kg2 h5 32. f3 Kf7 33. Ba2+ Kg6 34. f4 g4 35. Kf2 h4 36. gxh4 Bxh4+ 37. Ke3 Be7 38. Bd5 Kh5 39. Kf2 Kh4 40. Kg2 Kh5 41. Bf7+ Kh4 42. Bd5 Kh5 43. Bf7+ Kh4 44. b5 g3 45. Bd5 Kg4 46. Bf3+ Kh4 47. c4 b6 48. Bd4 1-0

[Event "Abu Dhabi op 23rd"]
[Site "Abu Dhabi"]
[Date "2016.08.23"]
[Round "3"]
[White "Kathmale, Sameer"]
[Black "Mohamed, Anwar"]
[Result "1-0"]
[WhiteElo "2248"]
[BlackElo "2146"]
[PlyCount "71"]
[EventDate "2016.08.21"]
[EventType "swiss"]
[EventRounds "9"]
[EventCountry "UAE"]
[SourceTitle "CBM 174 Extra"]
[Source "ChessBase"]
[SourceDate "2016.10.10"]
[SourceVersion "1"]
[SourceVersionDate "2016.10.10"]
[SourceQuality "1"]

1. e4 e6 2. d4 d5 3. Nd2 Nf6 4. e5 Nfd7 5. f4 c5 6. c3 Nc6 7. Ndf3 Qb6 8. a3 Be7 9. b4 cxd4 10. cxd4 a6 11. h4 Qd8 12. h5 Nb6 13. Bd3 Bd7 14. Ne2 Na7 15. f5 exf5 16. Ng3 Qc8 17. 0-0 Nb5 18. Bd2 g6 19. Qb3 Be6 20. a4 Nc7 21. b5 axb5 22. Bxb5+ Nxb5 23. Qxb5+ Qc6 24. Rfb1 Rxa4 25. Rxa4 Qxb5 26. Rxb5 Nxa4 27. Rxb7 Bd8 28. Bh6 Nb6 29. Bg5 Bxg5 30. Nxg5 Nd7 31. h6 Ke7 32. Ne2 Rb8 33. Rxb8 Nxb8 34. Nxh7 Nd7 35. Nf4 Nf8 36. Ng5 1-0